000 00627nam a2200217Ia 4500
001 13359
003 GE_BSU
008 181216s||||||||xx |||||||||||||| ||und||
020 _a9781407531304
040 _cGE_BSU
080 _a821.111-32
245 _aHigh school musical 2.Book of the film.
245 _cAdapted by N.B.Grace. Based on "High school musical 2".Written by Peter Barsocchini Based on Characters created by Peter Barsocchini.
260 _aNew York.
260 _bParragon.
260 _c2007
300 _a137p;19cm.
300 _bill.
653 _aHigh school musical 2.Book of the film.
942 _cBK
999 _c46520
_d46520